| 000 | 02081nam a2200553 i 4500 | ||
|---|---|---|---|
| 001 | 15447 | ||
| 003 | KOSZ 005 | ||
| 005 | 20200630082058.0 | ||
| 008 | 200416s1973 pl a f 000 0 pol | ||
| 015 | _aUWD 1973/3215 | ||
| 035 | _a991033142589705066 | ||
| 035 | _a(PL-WaBN)b18880526-48omnis_nlop | ||
| 035 | _ab18880526 | ||
| 035 | _a(OCoLC)749158119 | ||
| 035 | _a(PL)b0000001888052 | ||
| 035 | _a(EXLNZ-48OMNIS_NETWORK)9910111172505606 | ||
| 040 |
_aWA N _cWA N _dKOSZ 005/RW |
||
| 041 | 1 |
_apol _hrus |
|
| 046 | _k1970 | ||
| 080 | _a621.77 | ||
| 100 | 1 |
_aGolovin, Vladimir Andreevič _eAutor |
|
| 245 | 1 | 0 |
_aWyciskanie metali na zimno / _cW. A. Gołowin, A. N. Mitkin, A. G. Rieznikow ; tłumaczenie Jan Galinowski. |
| 246 | 1 |
_iTytuł oryginału: _aTehnologiâ holodnoj štampovki vydavlivaniem |
|
| 260 |
_aWarszawa : _bWydawnictwa Naukowo-Techniczne, _c1973. |
||
| 300 |
_a184, [4] strony : _bilustracje ; _c21 cm. |
||
| 336 |
_aTekst _btxt _2rdacontent |
||
| 337 |
_aBez urządzenia pośredniczącego _bn _2rdamedia |
||
| 338 |
_aWolumin _bnc _2rdacarrier |
||
| 380 | _aKsiążki | ||
| 380 | _aPublikacje fachowe | ||
| 380 | _aPublikacje dydaktyczne | ||
| 388 | _a1901-2000 | ||
| 388 | _a1945-1989 | ||
| 490 | 1 | _aBiblioteka Technologa | |
| 504 | _aBibliografia na stronach 172-180. | ||
| 521 | 8 | _aKsiążka jest przeznaczona dla techników i inżynierów technologów przemysłu maszynowego oraz może być pomocą dla studentów wydziałów technologicznych. | |
| 650 | 7 |
_aMetale _2DBN |
|
| 650 | 7 |
_aObróbka plastyczna _2DBN |
|
| 655 | 7 | _aPodręcznik | |
| 658 | _aInżynieria i technika | ||
| 700 | 1 |
_aMit'kin Arkadij Nikolaevič _eAutor |
|
| 700 | 1 |
_aReznikov, Konstantin _eAutor |
|
| 700 | 1 |
_aGalinowski, Jan _eTłumaczenie |
|
| 710 | 2 |
_aWydawnictwa Naukowo-Techniczne _4pbl |
|
| 830 | 0 | _aBiblioteka Technologa | |
| 856 |
_uhttp://koha.tu.koszalin.pl/cgi-bin/koha/opac-detail.pl?biblionumber=15447 _yKatalog online BPK |
||
| 942 |
_2UKD _cKS |
||
| 999 |
_c15447 _d15447 |
||